000 00986cad a22002415a 4500
001 E150945
008 100916s2009 xxk f 100 0 eng d
020 _a9781842195192
035 _a(Sirsi) u150945
041 0 _aeng
100 1 _aOzumba, Aghaegbuna
111 2 _aConstruction and Building Research Conference
_cUniversity of Cape Town
_d10-11 September 2009
245 0 0 _aBalancing site information and communication technology systems with available ICT skills
_h[electronic resource]
260 _aLondon
_bRICS
_c2009
520 _aA paper presented at the COBRA Conference in Cape Town on 10-11 September 2009.
590 _aKA
650 2 4 _aCONSTRUCTION AND BUILDING RESEARCH CONFERENCE (COBRA)
651 4 _aInternational
690 _aMANAGEMENT-BUSINESS MANAGEMENT-INFORMATION MANAGEMENT
700 1 _aShakantu, Winston
856 4 0 _uhttps://www.rics.org/uk/knowledge/library/library-enquiry-service/
_zView the item free of charge at www.rics.org
942 _n0
999 _c111047
_d111047